000 00547nam a2200205Ia 4500
003 OSt
005 20221007112338.0
006 a|||||r|||| 00| 0
007 ta
008 221006b |||||||| |||| 00| 0 eng d
024 _a26,700
037 _cBound Volume
040 _aLCO
_cLCO
_beng
041 _2eng
_aeng
245 4 _aTHE INDIAN JOURNAL OF PUBLIC ADMINSTRATION
260 _aDelhi
_bIndian institute of public administration India
_c1966
490 _v20 -1974
942 _cCR
999 _c1196263
_d1196263